| 000 | 00834nam a2200265 a 4500 | ||
|---|---|---|---|
| 001 | 31810 | ||
| 003 | BD-RjUL | ||
| 005 | 20211209051742.0 | ||
| 008 | 140422s1961 lau 000 0 eng d | ||
| 035 |
_aOCLC 1728214 from rajwo5 _a(BD-RjUL)31898 |
||
| 040 |
_aNVS _cNVS _dm.c. _dBD-RjUL _beng |
||
| 041 | _aeng | ||
| 082 |
_a192 _bSTU 1961 |
||
| 090 |
_aB1674.W354 _bS8 |
||
| 245 | 0 | 0 |
_aStudies in Whitehead's philosophy / _nVolume X |
| 260 |
_aNetherlands : _bTulane University, _c1961. |
||
| 300 |
_a[6] 113 p. ; _c24 cm |
||
| 490 |
_aTulane Studies in Philosophy _v10 |
||
| 504 | _aIncludes bibliographical references. | ||
| 600 | 1 | 0 |
_aWhitehead, Alfred North, _d1861-1947. _9116846 |
| 650 |
_aWhitehead, Alfred North, _996834 |
||
| 830 | 0 |
_vv.10 _9116847 |
|
| 830 | 0 |
_aTulane studies in philosophy ; _9116848 |
|
| 942 |
_2ddc _cBK |
||
| 999 |
_c31810 _d31810 |
||